000 00316nam a22001337a 4500
008 171124b xxu||||| |||| 00| 0 eng d
020 _a1591470597
041 _aeng
080 _a159.9
100 _a49
101 _aPSI
245 _aFROM CHILD SEXUAL TO ADULT SEXUAL RISK
_cKOENING.L.J
942 _2udc
_cBK
999 _c38502
_d38502